000 00505cam a22001457a 4500
008 180718b2003 xxu||||| |||| 00| 0 eng d
082 _aA81x54 01/06/Pap3/01
100 _aCensus of India 2001
245 _aUttaranchal: provisional population totals
260 _aDelhi
_bThe Controller of Publications
_c2003
300 _a143+p.
440 _aCensus of India 2001. Series-6, Uttaranchal. Paper-3 of 2001
500 _aContents: Distribution of workers and non-workers
650 _aUttaranchal - Census
999 _c486747
_d486747